00442cam a2200169ua 45000010005000000080039000050400009000440410008000530820012000611000029000732450058001022500009001602600026001693000009001956530044002046530024002488977150219n ii |||gr||||Z||||||asm cMAIN aasm a891.451 aGOswami, K. D.,eAuthor.1 aPurani puthi adhyayan aru sampadanacBy K. D. Goswami a1st. aGuwahati:bPB,c2006. a90p. aEast Indo-European & Celtic literatures aAssamese literature